| 000 | 00401nam a22001577a 4500 | ||
|---|---|---|---|
| 020 | _a97800700648234 | ||
| 082 | _a005.8 | ||
| 100 | _aKahate, Atul | ||
| 245 | _aCryptography and network security | ||
| 250 | _a2nd ed | ||
| 260 |
_aNew Delhi _bMcGraw-Hill Higher Education, _c2003 |
||
| 300 | _a541 p. : | ||
| 650 | _aComputer network protocols--Cryptography | ||
| 700 | _aAtul Kahate | ||
| 942 | _cBK | ||
| 999 |
_c11466 _d11466 |
||